000 01029nam a2200229 a 4500
001 000045759
005 20220307131057.0
008 150511s2012 dr ac 000 0 spa d
040 _aDO-SdBNP
_bspa
_cBNPHU
082 _axxxx
_bxxxx
100 1 _aTejeda Ortíz, Dagoberto,
_d1940-
_91575
245 1 0 _aIdentidad y magia :
_bbailes folklóricos de la República Dominicana = Identity and magic : folk dances of the Dominican Republic /
_cDagoberto Tejeda Ortiz ; fotografía Mariano Hernóndez ; ilustración Julián Amado ; traducción Diana López, Christian Lugo.
246 1 _aIdentity and magic : folk dances of the Dominican Republic
250 _aEd. bilingüe
260 _aSanto Domingo :
_bVICINI,
_c2012.
300 _a299 p. :
_bil., retrs. + CD-ROM : ;
_c34 cm.
500 _aIncluye referencias bibliográficas y notas al pie de las páginas.
546 _aTexto en inglés y español
700 1 2 _aAmado, Julián,
_eil.
_929282
700 1 2 _aLópez, Diana,
_etr.
_973835
700 1 2 _aLugo, Christian,
_etr.
_973836
999 _c45248
_d45248